| 000 | 01644nam a2200397 a 4500 | ||
|---|---|---|---|
| 001 | ebr10090499 | ||
| 003 | CaPaEBR | ||
| 006 | m u | ||
| 007 | cr cn||||||||| | ||
| 008 | 030522s2004 ne ab sb 001 0 eng | ||
| 010 | _z 2003052330 | ||
| 020 | _z9004131493 | ||
| 040 |
_aCaPaEBR _cCaPaEBR |
||
| 035 | _a(OCoLC)60927732 | ||
| 043 | _aec----- | ||
| 050 | 1 | 4 |
_aDJK4 _b.S38 2004eb |
| 082 | 0 | 4 |
_a943/.0009/02 _221 |
| 100 | 1 |
_aSchutz, Herbert, _d1937- |
|
| 245 | 1 | 4 |
_aThe Carolingians in Central Europe, their history, arts, and architecture _h[electronic resource] : _ba cultural history of Central Europe, 750-900 / _cby Herbert Schutz. |
| 260 |
_aBrill ; _aBoston : _bBrill, _c2004. |
||
| 300 |
_axxxi, 407 p. : _bill. (some col.), maps. |
||
| 490 | 1 |
_aCultures, beliefs, and traditions, _x1382-5364 ; _vv. 18 |
|
| 504 | _aIncludes bibliographical references (p. [391]-395) and index. | ||
| 533 |
_aElectronic reproduction. _bPalo Alto, Calif. : _cebrary, _d2013. _nAvailable via World Wide Web. _nAccess may be limited to ebrary affiliated libraries. |
||
| 650 | 0 | _aCarolingians. | |
| 650 | 0 | _aCivilization, Medieval. | |
| 650 | 0 |
_aCulture diffusion _zEurope, Central. |
|
| 650 | 0 | _aArt, Carolingian. | |
| 650 | 0 | _aArchitecture, Carolingian. | |
| 650 | 0 |
_aLearning and scholarship _xHistory _yMedieval, 500-1500. |
|
| 651 | 0 |
_aEurope, Central _xHistory. |
|
| 655 | 7 |
_aElectronic books. _2local |
|
| 710 | 2 | _aebrary, Inc. | |
| 830 | 0 |
_aCultures, beliefs, and traditions ; _vv. 18. |
|
| 856 | 4 | 0 |
_uhttp://site.ebrary.com/lib/rucke/Doc?id=10090499 _zAn electronic book accessible through the World Wide Web; click to view |
| 999 |
_c71980 _d71980 |
||